000 01288nad a2200337 cc4500
001 BV047804999
003 DE-604
005 20230616082817.0
007 t
008 220128s2021 |||| 00||| rus d
020 _a9785862186123
_9978-5-86218-612-3
035 _a(OCoLC)1314909301
035 _a(DE-599)BVBBV047804999
040 _aDE-604
_bger
_cRU-10907106
041 0 _arus
084 _qDE-12
100 0 _aKatharina
_bII.
_cRussland, Zarin
_d1729-1796
_eVerfasser
_0(DE-588)118560565
_4aut
_96786
240 1 0 _0(DE-588)4386483-1
_aMémoires
245 1 0 _aMemuary
_bv dvuch knigach : [novyj perevod]
_nTom 2
_cEkaterina Velikaja ; izdanie podgotovili M.A. Krjučkova, T.I. Akimova, E.V. Morozova ;
_pDopolnenija
264 1 _aMoskva :
_bLadomir,
_c2021.
300 _aSeite 426-1124
336 _aText
_btxt
_2rdacontent
337 _aohne Hilfsmittel zu benutzen
_bn
_2rdamedia
338 _aBand
_bnc
_2rdacarrier
490 0 _aLiteraturnye pamjatniki / Rossijskaja Akademija Nauk
700 1 _aKrjučkova, Marija Aleksandrovna
_dca. 20./21. Jh.
_eHerausgeberIn
_0(DE-588)141363681
_4edt
_98335
700 1 _a Akimova, T.I.
_eHerausgeberIn
_4edt
_98338
700 1 _aMorozova, E.V.
_eHerausgeberIn
_4edt
_98339
773 0 8 _wBV1816360049
_qBand2
942 _2z
_cMG
999 _c60417
_d60417